000 01003nam a2200301 i 4500
001 bg
245 0 _aHTML 4, DHTML, VRML, XML :
_bkompletna, ostateczna, bezcenna /
_cEric Ladd, Jim O'Donnell i in.
246 _iTyt. oryg.:
_aPlatinium Edition - Using HTML-4, Java 1.1 and Javascript 1.2
260 _aWarszawa :
_b"Lynx-SFT",
_c[2000].
300 _a540 s. ;
_c24 cm.
490 1 _aPlatynowa Seria. HTML 4, DHTML, Java, JavaScript ;
_vCz.1
500 _aOryg.: "Platinium Edition - Using HTML-4, Java 1.1 and Javascript 1.2".
650 9 _aHTML
650 9 _aStrony WWW
655 _aPodręczniki
700 1 _aLADD, Eric
700 1 _aO'DONNELL, Jim
830 0 _aPlatynowa Seria.
_pHTML 4, DHTML, Java, JavaScript
020 _a8388101013
020 _a0789714779 (oryg.)
040 _cBPK
041 1 _apl
_hen
080 _a004.438A/Z:004.738.52](07)
920 _a83-88101-01-3
920 _a0-7897-1477-9 (oryg.)
942 _cKS
008 s pl f |000 0 pol
999 _c38713
_d38713